| 000 | 00000nam 2200000za 4500 |
| 001 | 9.574566 |
| 003 | CaOODSP |
| 005 | 20250808102812 |
| 007 | cr ||||||||||| |
| 008 | 150406|1995||||xxc|||||o f|0| 0 eng d |
| 022 | |a1205-9153 |
| 040 | |aCaOODSP|beng |
| 043 | |an-cn--- |
| 086 | 1 |aCS11-0019/78E-PDF |
| 100 | 1 |aBaldwin, John R. |q(John Russel) |
| 245 | 00|aRestructuring in the Canadian manufacturing sector from 1970 to 1990 : |h[electronic resource]|bindustry and regional dimensions of job turnover / |cby John R. Baldwin and Mohammed Rafiquzzaman. |
| 260 | |aOttawa - Ontario : |bStatistics Canada |cJuly 1995. |
| 300 | |a63p.|breferences, tables |
| 490 | 1 |aAnalytical Studies Branch research paper series|x1205-9153|vNo. 78 |
| 500 | |aThe catalogue number (11F0019MPE) and ISBN (0-662-21728-4) for the print edition have been incorrectly copied in this electronic publication. |
| 520 | 3 |aThis paper investigates the dynamics of job reallocation in the manufacturing sector of Canada. It does so by examining the pattern and magnitude of job gain, job loss, and total job turnover due to growth and decline of some firms, and entry and exit of other firms. It also investigates how the effect of cyclical as opposed to structural influences on job turnover have changed over time. Finally, the paper investigates whether the pattern and magnitude of job turnover differ across industries and across regions, and whether the differences are either caused by differences in cyclical sensitivity of job creation and job destruction or in the extent to which restructuring is taking place.--Abstract |
| 590 | |a12-34-Supp|b2012-07-31 |
| 690 | 07|aManufacturing industry|2gcpds |
| 710 | 2 |aStatistics Canada. |
| 775 | 08|tRestructuration du secteur manufacturier canadien de 1970 à 1990 : |w(CaOODSP)9.604308 |
| 776 | 0#|tRestructuring in the Canadian manufacturing sector from 1970 to 1990 : |w(CaOODSP)9.612514 |
| 830 | #0|aResearch paper series (Statistics Canada. Analytical Studies Branch)|x1205-9153|vNo. 78|w(CaOODSP)9.504421 |
| 856 | 40|ahttp://publications.gc.ca|qPDF|s244 Ko|uhttps://publications.gc.ca/collections/Collection/CS11-0019-78E.pdf|yNo. 78 |